000 00643nam a2200205 a 4500
005 20260322212043.0
008 data
099 _aDVD WM 140 M468
100 1 _aLeung, Sunny
245 1 0 _aMental health:
_bthe basics.
_cSunny Leung, Matt McClean & Alison Adriano.
260 _aNew York, NY :
_bFilms for the Humanities & Sciences,
_c2012.
300 _aDVD video 1 videodisc (19 min.) : sd., col. ;
_b4 3/4 in.
500 _aParticipants: Presenter, Alison Adriano ; featuring Brian Graetz.
650 0 _aMental health
650 0 _aAnxiety
650 0 _aSchizophrenia
700 1 _aMcClean, Matt
700 1 _aAdriano, Alison
001 data
999 _c1018
_d1018